000 00580nam a2200193 a 4500
005 20210219145923.0
008 991125s1985 es 000 0 spa u
020 _a847222547X
035 _aUPN01000003935
049 _aCG
050 4 _aHC240
_bS4.38
100 1 _aSenghaas, Dieter
245 1 0 _aAprender de Europa :
_bconsideraciones sobre la historia del desarrollo /
_cDieter Senghaas ; tr. Carlos Santiago.
260 _aBarcelona [Esp.] :
_bAlfa,
_c1985.
300 _a397 p.
440 0 _aEstudios alemanes
651 4 _aEUROPA -
_xCONDICIONES ECONOMICAS
905 _aLibro
999 _c3935
_d3935